|
|
|
|
| LEADER |
00796nam a2200193 a 4500 |
| 008 |
091108s1994 ii 001 0 eng d |
| 020 |
|
|
|a 8172200439
|
| 082 |
0 |
0 |
|a 811/.6
|2 20
|
| 100 |
1 |
|
|a Menon, Mohan
|
| 245 |
1 |
0 |
|a August haze :
|b poems of a placid realm /
|c Mohan Menon.
|
| 250 |
|
|
|a 1st ed.
|
| 260 |
|
|
|a New Delhi :
|b Siddharth Publicatons,
|c 1994.
|
| 300 |
|
|
|a xi, 203 p. ;
|c 22 cm.
|
| 504 |
|
|
|a Includes first line index.
|
| 541 |
1 |
|
|e 00019496
|
| 650 |
|
0 |
|a Poems.
|
| 852 |
4 |
|
|a Ayesha Abed Library
|j General Shelf.
|
| 999 |
|
|
|c 5264
|d 5264
|
| 952 |
|
|
|0 0
|1 0
|2 ddc
|4 1
|6 811_600000000000000_MEN_1994
|7 0
|9 5109
|a ENH
|b ENH
|d 2009-11-05
|l 1
|o 811.6 MEN
|p 3010019496
|r 2014-05-14
|s 2013-02-18
|w 2009-11-09
|y BK
|x Departmental-issued damaged books were found in the ENH department for the reason of termites eaten in 2016
|